000 00258nam a2200133Ia 4500
100 _aKumar/A
942 _cBK
654 _aWelder solved papers
245 _aWelders Solved Papers
260 _bnone
300 _a73
546 _aENGLISH
999 _c26632
_d26632